[Event "Superettan(Vasteras II-Schack 08)"]
[Site "?"]
[Date "2016.03.20"]
[Round "9"]
[White "Backman, Andreas"]
[Black "Rosberg, Simon"]
[Result "0-1"]
[WhiteElo "2149"]
[BlackElo "2317"]
[PlyCount "69"]
1. d4 d5 2. c4 c6 3. Nf3 Nf6 4. Nc3 dxc4 5. a4 Bf5 6. Ne5 Nbd7 7. Nxc4 Nb6 8.
Ne5 a5 9. g3 e6 10. Bg2 Bb4 11. O-O O-O 12. Bg5 h6 13. Bxf6 Qxf6 14. Na2 Bd6
15. Qb3 Bc7 16. Rfd1 Rfd8 17. Nc3 Qe7 18. e4 Bh7 19. Na2 Kh8 20. Rac1 f6 21.
Nc4 Nxc4 22. Qxc4 Bb6 23. Nc3 Qb4 24. Ne2 e5 25. d5 Qxc4 26. Rxc4 Bg8 27. Rc3
Rd7 28. Rb3 Bc5 29. Bh3 Rd6 30. Rxb7 cxd5 31. exd5 Bxd5 32. Rd7 Rxd7 33. Bxd7
Bf3 34. Rc1 Rd8 35. Bc6 0-1

[Event "Superettan(Upsala-Malmo)"]
[Site "?"]
[Date "2016.03.20"]
[Round "9"]
[White "Svensson, Mans"]
[Black "Nizov, Anton"]
[Result "1-0"]
[WhiteElo "2135"]
[BlackElo "2121"]
[PlyCount "115"]
1. d4 d5 2. c4 c6 3. Nf3 Nf6 4. Qc2 e6 5. e3 Nbd7 6. Nc3 Bd6 7. g4 Bb4 8. Bd3
dxc4 9. Bxc4 b5 10. Be2 Bb7 11. Rg1 a6 12. g5 Nd5 13. Bd2 Bd6 14. Ne4 Be7 15.
Nc5 Nxc5 16. dxc5 Qc7 17. Rg4 e5 18. Re4 Bc8 19. Rxe5 Bg4 20. Qe4 Bxf3 21. Bxf3
O-O 22. Rc1 f6 23. Re6 Rad8 24. g6 h6 25. Qf5 Qd7 26. Ba5 Nc7 27. Bg4 Rde8 28.
Rd6 Qxf5 29. Bxf5 Bxd6 30. cxd6 Re5 31. dxc7 Rxf5 32. Rxc6 Rc8 33. Rd6 Re5 34.
Rxa6 Kf8 35. Rd6 Ra8 36. Rd7 Ree8 37. b4 Re5 38. Ke2 Re7 39. Rd5 Re5 40. Rd6
Rc8 41. f4 Re7 42. Rd8+ Re8 43. Rd5 Ke7 44. Rxb5 Kd6 45. Rc5 Ra8 46. Kd3 Kd7
47. Kd4 Kd6 48. e4 Kd7 49. Kd5 Ra6 50. e5 fxe5 51. fxe5 Rxg6 52. e6+ Kc8 53.
Rc6 Rg5+ 54. Kd6 Rg6 55. Kd5 Rg5+ 56. Kd4 Rg6 57. Rd6 Rg4+ 58. Kc3 1-0

[Event "Superettan(Rockaden,Sthlm II-Vaxjo)"]
[Site "?"]
[Date "2016.03.20"]
[Round "9"]
[White "Nikolic, Vladan"]
[Black "Gutzmann, Tobias"]
[Result "1/2-1/2"]
[WhiteElo "2040"]
[BlackElo "2155"]
[PlyCount "93"]
1. Nf3 d5 2. d4 e6 3. c4 c5 4. cxd5 exd5 5. Nc3 Nc6 6. g3 Nf6 7. Bg2 Be7 8. O-O
O-O 9. Bg5 c4 10. h3 h6 11. Bxf6 Bxf6 12. b3 Qa5 13. Rc1 cxb3 14. Qxb3 Be6 15.
e3 Rab8 16. Ne1 Rfd8 17. Nd3 Be7 18. Nf4 Ba3 19. Rcd1 Ne7 20. e4 Rbc8 21. Na4
Bd6 22. e5 Bb4 23. a3 b5 24. Rb1 Nc6 25. axb4 Qxa4 26. Qxa4 bxa4 27. Nxe6 fxe6
28. Rfd1 a6 29. Bf1 Rb8 30. b5 axb5 31. Bxb5 Rdc8 32. Bxa4 Rxb1 33. Rxb1 Nxd4
34. Kg2 Rc7 35. Be8 Kf8 36. Rb8 Ke7 37. Bg6 Kd7 38. Be8+ Ke7 39. Bg6 Kd7 40.
Rf8 Kc6 41. Re8 Rd7 42. Bh7 Kc7 43. Bg8 Rd8 44. Re7+ Rd7 45. Re8 Rd8 46. Re7+
Rd7 47. Re8 1/2-1/2

[Event "Superettan(Vasteras II-Schack 08)"]
[Site "?"]
[Date "2016.03.20"]
[Round "9"]
[White "Arvidsson, Tomas"]
[Black "Kretz, Johan"]
[Result "0-1"]
[WhiteElo "1993"]
[BlackElo "2193"]
[PlyCount "96"]
1. e4 g6 2. d4 Bg7 3. c4 d6 4. Nc3 a6 5. Be3 Nc6 6. d5 Ne5 7. Be2 Nf6 8. h3 c6
9. f4 Ned7 10. Nf3 O-O 11. O-O Qc7 12. Rc1 e6 13. dxe6 fxe6 14. f5 gxf5 15.
exf5 Nc5 16. Nh4 Nfe4 17. Nxe4 Nxe4 18. fxe6 Bxe6 19. Rxf8+ Rxf8 20. Bg4 Qd7
21. Bf3 Qe7 22. Bg4 Bxb2 23. Rc2 Bg7 24. Bxe6+ Qxe6 25. Bd4 Bxd4+ 26. Qxd4 Rf4
27. Nf3 Qg6 28. Qe3 Qf6 29. Qb6 Nc5 30. Re2 Rxc4 31. Qc7 Ne4 32. Qc8+ Kg7 33.
Qg4+ Qg6 34. Qd7+ Kh6 35. Qe7 Rc1+ 36. Ne1 d5 37. Qxb7 Qf6 38. Qc7 Qh4 39. Kh2
Rxe1 40. Rxe1 Qxe1 41. Qxc6+ Kg7 42. Qxd5 Qg3+ 43. Kg1 Qe3+ 44. Kh2 Qf4+ 45.
Kg1 Qc1+ 46. Kh2 Qc7+ 47. Kh1 Ng3+ 48. Kh2 Ne2+ 0-1

[Event "Superettan(Upsala-Malmo)"]
[Site "?"]
[Date "2016.03.20"]
[Round "9"]
[White "Johansson, Thomas"]
[Black "Cederberg, Karl Olof"]
[Result "0-1"]
[WhiteElo "2167"]
[BlackElo "2179"]
[PlyCount "80"]
1. d4 Nf6 2. Nf3 d6 3. g3 Nc6 4. Bg2 g6 5. O-O Bg7 6. Nc3 O-O 7. h3 e5 8. d5
Ne7 9. e4 Nd7 10. Kh2 f5 11. Ng5 Nf6 12. f3 c6 13. b3 cxd5 14. exd5 Qa5 15. Bd2
Nexd5 16. Na4 Qc7 17. c4 Ne7 18. h4 h6 19. Nh3 Be6 20. Rc1 Rad8 21. Qe1 Qd7 22.
Be3 b6 23. Rd1 Qc7 24. Rc1 Rfe8 25. Qd2 Kh7 26. Rfe1 Bf7 27. Qe2 Nc6 28. Kh1
Qd7 29. Qf2 d5 30. cxd5 Nxd5 31. Red1 Nd4 32. f4 Nxe3 33. Qxe3 exf4 34. Qxf4
Bd5 35. Rc7 Bxg2+ 36. Kxg2 Qd5+ 37. Kf1 Qh1+ 38. Ng1 Ne2 39. Rxg7+ Kxg7 40.
Qc7+ Kf8 0-1

[Event "Superettan(Vasteras II-Schack 08)"]
[Site "?"]
[Date "2016.03.20"]
[Round "9"]
[White "Orndahl, Markus"]
[Black "Faldt, Magnus"]
[Result "1/2-1/2"]
[WhiteElo "2164"]
[BlackElo "2185"]
[PlyCount "100"]
1. d4 d5 2. Nf3 c6 3. Bf4 Nf6 4. e3 Bf5 5. c3 e6 6. Nbd2 h6 7. Be2 Nbd7 8. Ne5
Nxe5 9. Bxe5 Nd7 10. Bg3 Be7 11. O-O O-O 12. Re1 c5 13. Bf3 Qb6 14. Qb3 Rfd8
15. Rac1 Rac8 16. h3 Bg5 17. Qxb6 Nxb6 18. dxc5 Rxc5 19. Nb3 Rcc8 20. Nd4 Bd3
21. Red1 Ba6 22. Rc2 Bf6 23. Be2 Bxe2 24. Rxe2 a6 25. Kf1 Nc4 26. Rc2 Nd6 27.
Bxd6 Rxd6 28. Rdc1 Kf8 29. Ke2 Ke8 30. g4 g6 31. f4 b5 32. Kd3 Rb6 33. a3 Kd7
34. Nf3 Kd6 35. h4 Rb7 36. g5 hxg5 37. hxg5 Bg7 38. Rh1 e5 39. fxe5+ Bxe5 40.
Nxe5 Kxe5 41. Rf2 a5 42. Rh7 Rcc7 43. Rh8 b4 44. axb4 axb4 45. Re8+ Kd6 46.
Rf6+ Kc5 47. Re5 bxc3 48. Kxc3 Kb5+ 49. Kd3 Kc5 50. Kc3 Kb5+ 1/2-1/2

[Event "Superettan(Upsala-Malmo)"]
[Site "?"]
[Date "2016.03.20"]
[Round "9"]
[White "Johansson, Carl Fredrik"]
[Black "Persson, Richard"]
[Result "1-0"]
[WhiteElo "2170"]
[BlackElo "2142"]
[PlyCount "111"]
1. d4 e6 2. c4 d5 3. Nc3 c6 4. e4 Bb4 5. exd5 cxd5 6. Nf3 Nc6 7. cxd5 exd5 8.
Be2 Nf6 9. O-O Ne4 10. Qb3 Bxc3 11. bxc3 O-O 12. Bf4 Bg4 13. Qxb7 Nxc3 14. Ba6
Qf6 15. Be5 Qh6 16. Rfc1 Na5 17. Qb4 Qxa6 18. Rxc3 Nc4 19. Ne1 Rfe8 20. Nd3 Bf5
21. Nf4 Nxe5 22. dxe5 Rxe5 23. Ra3 Qc8 24. Qd2 Qd7 25. Qd4 Rae8 26. f3 R8e7 27.
Kf2 h6 28. Rd1 Qc6 29. Rc3 Qb6 30. Qxb6 axb6 31. Rxd5 Rxd5 32. Nxd5 Ra7 33. a3
b5 34. Rc7 Rxc7 35. Nxc7 Bd3 36. Ke3 Bf1 37. g3 Kf8 38. Kd4 Ke7 39. Kc5 Be2 40.
f4 g5 41. Nxb5 Kf6 42. a4 Kg6 43. a5 Kh5 44. Nd4 Bf1 45. Nf5 Bd3 46. Ne3 gxf4
47. gxf4 Kh4 48. Kd4 Ba6 49. Nf5+ Kh5 50. Ke5 Kg6 51. Ng3 Bb7 52. h4 f6+ 53.
Ke6 Bc8+ 54. Ke7 f5 55. h5+ Kg7 56. Ne2 1-0

[Event "Superettan(Rockaden,Sthlm II-Vaxjo)"]
[Site "?"]
[Date "2016.03.20"]
[Round "9"]
[White "Tuomainen, Felix"]
[Black "Sevastianov, Andrii"]
[Result "1-0"]
[WhiteElo "2055"]
[BlackElo "2153"]
[PlyCount "49"]
1. d4 e6 2. c4 b6 3. Nf3 Bb7 4. g3 f5 5. Bg2 Nf6 6. O-O Be7 7. Nc3 O-O 8. d5
Bb4 9. dxe6 Bxc3 10. bxc3 dxe6 11. c5 Nbd7 12. cxb6 axb6 13. Ng5 Bxg2 14. Nxe6
Qe7 15. Nxf8 Bxf1 16. Nxd7 Bxe2 17. Nxf6+ gxf6 18. Qd5+ Kg7 19. Qxa8 Bd3 20.
Ba3 c5 21. Qf3 Be4 22. Qe3 Qb7 23. Re1 Qa8 24. f3 Bd5 25. Bc1 1-0

[Event "Superettan(Rockaden,Umea-Kamraterna)"]
[Site "?"]
[Date "2016.03.20"]
[Round "9"]
[White "Svensson, Bengt"]
[Black "Forsberg, Viktor"]
[Result "1/2-1/2"]
[WhiteElo "2339"]
[BlackElo "2370"]
[PlyCount "69"]
1. e4 e5 2. Nf3 Nc6 3. Bb5 a6 4. Ba4 Nf6 5. O-O Be7 6. d3 d6 7. c3 O-O 8. Nbd2
b5 9. Bb3 Na5 10. Bc2 c5 11. Re1 Nc6 12. Nf1 Nd7 13. Ne3 Nb6 14. d4 cxd4 15.
cxd4 Nxd4 16. Nxd4 exd4 17. Qxd4 Be6 18. Qd3 Nc4 19. b3 Ne5 20. Qe2 Rc8 21. Bb2
Bf6 22. Rad1 Nf3+ 23. Qxf3 Bxb2 24. Bb1 Qb6 25. Nd5 Bxd5 26. Rxd5 Rc5 27. Red1
Rxd5 28. Rxd5 Rc8 29. g3 Rc1+ 30. Rd1 Rxd1+ 31. Qxd1 g6 32. Kg2 Bd4 33. Qd2 Qc5
34. Bd3 d5 35. Qe2 1/2-1/2

[Event "Superettan(Solna-Orgryte)"]
[Site "?"]
[Date "2016.03.20"]
[Round "9"]
[White "Tukhaev, Adam"]
[Black "Lindberg, Bengt"]
[Result "1-0"]
[WhiteElo "2556"]
[BlackElo "2383"]
[PlyCount "87"]
1. e4 c5 2. Nf3 e6 3. d4 cxd4 4. Nxd4 Nc6 5. Nc3 Qc7 6. Be3 a6 7. Qf3 Nf6 8.
O-O-O d6 9. Kb1 Bd7 10. g4 Ne5 11. Qg3 Nexg4 12. Bc1 Rc8 13. h3 Ne5 14. f4 Nc6
15. Nb3 b5 16. a3 b4 17. axb4 Nxb4 18. Rh2 Qb7 19. Rd4 g6 20. Re2 Be7 21. Bg2
Nh5 22. Qe1 Rb8 23. Qd1 O-O 24. Bf3 Ng7 25. Rxd6 Bxd6 26. Qxd6 Qc6 27. Qd4 Rfc8
28. f5 e5 29. Qxe5 Re8 30. Qd4 Bxf5 31. Bh6 f6 32. Bxg7 Kxg7 33. exf5 Qxf3 34.
Qd7+ Kf8 35. Rxe8+ Rxe8 36. Qd6+ Kf7 37. fxg6+ hxg6 38. Qxb4 Qxh3 39. Nc5 Qf1+
40. Ka2 g5 41. N3e4 a5 42. Qd4 Re7 43. Qd5+ Kg7 44. Ng3 1-0

[Event "Superettan(Rockaden,Umea-Kamraterna)"]
[Site "?"]
[Date "2016.03.20"]
[Round "9"]
[White "Wickstrom, Lucas"]
[Black "Aberg, Anton"]
[Result "1-0"]
[WhiteElo "2379"]
[BlackElo "2382"]
[PlyCount "107"]
1. d4 Nf6 2. c4 c5 3. d5 b5 4. cxb5 a6 5. bxa6 g6 6. Nc3 Bxa6 7. Nf3 d6 8. g3
Bg7 9. Bg2 O-O 10. Rb1 Nbd7 11. O-O Ra7 12. b3 Ne8 13. Bb2 Nc7 14. Na4 Nf6 15.
Ne1 Bb7 16. Nc3 Qa8 17. e4 Ba6 18. Nd3 c4 19. bxc4 Bxc4 20. Re1 Rb8 21. Ba1
Rxb1 22. Qxb1 Nd7 23. Qc2 Ne5 24. Nxe5 Bxe5 25. a4 Na6 26. Nb5 Bxb5 27. Bxe5
Bxa4 28. Qxa4 Nc7 29. Qd4 dxe5 30. Qxe5 Ne8 31. Qc3 Rc7 32. Qd3 Qa5 33. Rb1 f6
34. e5 fxe5 35. Qe3 Rc2 36. Qxe5 Qc5 37. Qf4 Nf6 38. h3 Kg7 39. Rb7 Rc1+ 40.
Kh2 Rd1 41. Rc7 Qa3 42. g4 Ne8 43. Rd7 Qc5 44. Qe5+ Kf8 45. Rd8 Qd4 46. Qb8 Qa4
47. Qe5 Qd4 48. Qb8 Qa4 49. Bf3 Rd2 50. Kg2 Kf7 51. Rxe8 Rxf2+ 52. Kxf2 Qd4+
53. Kg3 Qg1+ 54. Bg2 1-0

[Event "Superettan(Solna-Orgryte)"]
[Site "?"]
[Date "2016.03.20"]
[Round "9"]
[White "Valmana Canto, Jaime"]
[Black "Kumar, Rahul"]
[Result "0-1"]
[WhiteElo "2431"]
[BlackElo "2176"]
[PlyCount "106"]
1. e4 d6 2. d4 g6 3. Nf3 Bg7 4. Bc4 e6 5. Nc3 a6 6. a4 Ne7 7. Bf4 Nd7 8. Qd2 h6
9. h4 b6 10. Be3 Nf6 11. e5 Ng4 12. exd6 cxd6 13. Bf4 Bb7 14. Qe2 h5 15. Rd1
O-O 16. O-O Nf5 17. Bg5 Qc7 18. d5 Rfc8 19. Bb3 Bxc3 20. bxc3 exd5 21. Nd4 Re8
22. Qd3 Ng7 23. f3 Ne5 24. Qd2 Rac8 25. Bf6 Kh7 26. Qg5 Ne6 27. Nxe6 Rxe6 28.
Rd4 Qxc3 29. Rf4 Rc7 30. Kh1 Qe3 31. Ba2 Qe2 32. Rg1 Re8 33. Qg3 Re6 34. Re1
Qd2 35. Bg5 Qc3 36. Rd1 Qxc2 37. Rd2 Qc1+ 38. Kh2 Qa1 39. Qf2 Qc3 40. Bb1 Nc4
41. Re2 Rxe2 42. Qxe2 Qe5 43. Qd3 Nb2 44. Qd2 f5 45. g4 Nc4 46. Qc2 hxg4 47.
fxg4 Rf7 48. gxf5 Rxf5 49. Kg1 Qe3+ 50. Kh2 Rxg5 51. Rf7+ Kg8 52. hxg5 Qe5+ 53.
Kh3 Qe6+ 0-1

[Event "Superettan(Orgryte-Rockaden,Umea)"]
[Site "?"]
[Date "2016.03.19"]
[Round "8"]
[White "Lindgren, Fredrik"]
[Black "Arnelind, Mikael"]
[Result "1-0"]
[WhiteElo "2242"]
[BlackElo "2194"]
[PlyCount "143"]
1. d4 Nf6 2. Nf3 e6 3. g3 b6 4. Bg2 Bb7 5. O-O Be7 6. b3 O-O 7. c4 d6 8. Bb2
Nbd7 9. Nbd2 c5 10. Qc2 Qc7 11. Rfd1 Rfd8 12. Rac1 Rac8 13. Qb1 Qb8 14. e4 cxd4
15. Nxd4 Qa8 16. Re1 Bf8 17. Rcd1 Nc5 18. f3 a6 19. Nf1 Qa7 20. Kh1 Ba8 21. Re2
Rb8 22. Red2 Be7 23. Ne3 Ne8 24. Bf1 f5 25. Ndxf5 exf5 26. Nxf5 Bg5 27. Re2 Qf7
28. Bg2 b5 29. cxb5 axb5 30. Bd4 Ne6 31. Bf2 Rbc8 32. h4 Bf6 33. Qd3 Qb7 34.
Bh3 Nc5 35. Qb1 Rb8 36. b4 Na4 37. Qb3+ Kh8 38. Nd4 Nc7 39. Rc1 Rg8 40. Rec2
Na6 41. a3 Rgf8 42. Ne6 Rfc8 43. Ng5 Rxc2 44. Rxc2 Bxg5 45. hxg5 Qe7 46. Bf5
Qxg5 47. Qe6 Qh6+ 48. Qxh6 gxh6 49. Ba7 Rd8 50. Bc8 N6c5 51. bxc5 Rxc8 52. cxd6
Rd8 53. d7 Rxd7 54. Rc8+ Kg7 55. Rxa8 Rd3 56. Kg2 Rxa3 57. Bd4+ Kf7 58. Ra7+
Ke8 59. Rb7 Rb3 60. f4 Nb2 61. f5 Nc4 62. Bc5 Rb2+ 63. Kh3 Kd8 64. f6 Ne5 65.
f7 Nxf7 66. Rxf7 b4 67. e5 b3 68. e6 Re2 69. e7+ Kd7 70. Rf8 b2 71. Rb8 Kc7 72.
Rxb2 1-0

[Event "Superettan(Schack 08-Malmo)"]
[Site "?"]
[Date "2016.03.19"]
[Round "8"]
[White "Nilsson, Anders"]
[Black "Renman, Nils-Gustaf"]
[Result "1/2-1/2"]
[WhiteElo "2236"]
[BlackElo "2343"]
[PlyCount "71"]
1. e4 e6 2. d4 d5 3. Nc3 Nf6 4. Bg5 Bb4 5. e5 h6 6. Bh4 g5 7. Bg3 Ne4 8. Nge2
c5 9. a3 Bxc3+ 10. Nxc3 Qa5 11. b4 Nxc3 12. bxa5 Nxd1 13. Rxd1 Nc6 14. Bb5 Bd7
15. Bxc6 Bxc6 16. h4 Kd7 17. dxc5 Ba4 18. Rb1 Bxc2 19. Rxb7+ Kc6 20. a6 Rhb8
21. Kd2 Bf5 22. hxg5 hxg5 23. Rh5 Rxb7 24. axb7 Rb8 25. Rxg5 Rxb7 26. Rg8 Kxc5
27. f3 Rb2+ 28. Ke1 Kc4 29. Bf2 a5 30. g4 Bc2 31. Rf8 Ba4 32. Rxf7 d4 33. Rf4
Rb1+ 34. Ke2 Rb2+ 35. Ke1 Rb1+ 36. Ke2 1/2-1/2

[Event "Superettan(Solna-Vaxjo)"]
[Site "?"]
[Date "2016.03.19"]
[Round "8"]
[White "Olofsson-Dolk, Mattis"]
[Black "Johansson, Gunnar"]
[Result "1-0"]
[WhiteElo "2263"]
[BlackElo "2218"]
[PlyCount "69"]
1. d4 d5 2. c4 c6 3. Nf3 Nf6 4. Nc3 e6 5. Bg5 h6 6. Bh4 dxc4 7. e4 g5 8. Bg3 b5
9. Be2 Bb7 10. e5 Nd5 11. O-O Nd7 12. a4 a6 13. Nxd5 cxd5 14. Ne1 Bg7 15. f4
O-O 16. fxg5 hxg5 17. Bg4 Qe7 18. Qd2 f6 19. exf6 Nxf6 20. Qxg5 Rae8 21. Nf3
Nxg4 22. Qxg4 e5 23. Nxe5 Bc8 24. Qh5 Rxf1+ 25. Rxf1 Rf8 26. Re1 Qf6 27. axb5
axb5 28. h3 Bf5 29. Kh2 Qb6 30. Nf3 Be4 31. Be5 Qh6 32. Qg4 Rf7 33. Ng5 Re7 34.
Nxe4 dxe4 35. Rxe4 1-0

[Event "Superettan(Orgryte-Rockaden,Umea)"]
[Site "?"]
[Date "2016.03.19"]
[Round "8"]
[White "Aira, Johannes"]
[Black "Forsberg, Viktor"]
[Result "1/2-1/2"]
[WhiteElo "2116"]
[BlackElo "2370"]
[PlyCount "91"]
1. e4 e5 2. f4 d5 3. exd5 exf4 4. Nf3 Nf6 5. Bb5+ c6 6. dxc6 Nxc6 7. d4 Bd6 8.
Qe2+ Be6 9. O-O O-O 10. Bxc6 bxc6 11. Ne5 Qb6 12. c3 Bxe5 13. Qxe5 Bc4 14. Rd1
Nd5 15. Na3 Ba6 16. Re1 Rad8 17. c4 Nf6 18. Qc5 Rxd4 19. Qxb6 axb6 20. b3 Nh5
21. Nc2 Rd7 22. Rf1 g5 23. a4 c5 24. Ne1 f6 25. Bb2 Ng7 26. Rf3 Nf5 27. a5 Bb7
28. Rd3 Re7 29. axb6 Rfe8 30. Bc3 Kf7 31. b4 Re2 32. bxc5 Nh4 33. Rd6 Bxg2 34.
Rxf6+ Kg8 35. Nxg2 Rxg2+ 36. Kh1 Rc2 37. Bd4 Nf3 38. Bg1 Kg7 39. Rd6 g4 40.
Ra7+ Kg8 41. Rdd7 Nxg1 42. Rg7+ Kh8 43. Rxh7+ Kg8 44. Rag7+ Kf8 45. Rf7+ Kg8
46. Rfg7+ 1/2-1/2

[Event "Superettan(Schack 08-Malmo)"]
[Site "?"]
[Date "2016.03.19"]
[Round "8"]
[White "Ingbrant, Johan"]
[Black "Reimanis, Ritvars"]
[Result "1/2-1/2"]
[WhiteElo "2369"]
[BlackElo "2183"]
[PlyCount "152"]
1. Nf3 Nf6 2. g3 g6 3. Bg2 Bg7 4. c4 O-O 5. O-O d5 6. cxd5 Qxd5 7. Nc3 Qh5 8.
d4 Bh3 9. Qb3 Bxg2 10. Kxg2 b6 11. Bf4 c5 12. dxc5 Qxc5 13. Rac1 Nbd7 14. Rfd1
Qa5 15. Qb5 Qxb5 16. Nxb5 a6 17. Nbd4 Rfc8 18. Nc6 Kf8 19. b4 b5 20. Nfe5 Ke8
21. f3 Nb6 22. e4 Nfd7 23. Nxd7 Nxd7 24. Be3 Rc7 25. Na7 Kd8 26. Rxc7 Kxc7 27.
Rc1+ Kd8 28. Rc6 Ne5 29. Rxa6 Kd7 30. a4 bxa4 31. Rxa4 Nc4 32. Bc5 Nd6 33. Ra3
Rb8 34. Ra6 Ra8 35. Ra2 Rb8 36. Rc2 Rb7 37. Kf1 Rc7 38. Rd2 Rb7 39. Rd5 Ke6 40.
Bxd6 Rxa7 41. Bc5 Ra2 42. b5 f5 43. b6 fxe4 44. fxe4 Rb2 45. Bf2 Rb4 46. Kg2
Be5 47. Kf3 Bd6 48. Be3 Rb3 49. Ke2 Rb4 50. Bd4 Kd7 51. Kd3 e6 52. Ra5 e5 53.
Ra7+ Ke6 54. Bc3 Rxb6 55. Rxh7 Rb3 56. Kc4 Rb8 57. g4 Rc8+ 58. Kd3 Rd8 59. Ke2
Rc8 60. Bd2 Rc4 61. Kf3 Rc2 62. Be3 Rc3 63. Ke2 Ra3 64. g5 Ra2+ 65. Kf1 Ra1+
66. Kg2 Ra2+ 67. Kf3 Ra3 68. Rh3 Bc5 69. Ke2 Bxe3 70. Rxe3 Ra2+ 71. Kd3 Ra3+
72. Ke2 Ra2+ 73. Kf1 Rxh2 74. Rf3 Rh4 75. Rf6+ Ke7 76. Rxg6 Rxe4 1/2-1/2

[Event "Superettan(Solna-Vaxjo)"]
[Site "?"]
[Date "2016.03.19"]
[Round "8"]
[White "Lundvik, Jonas"]
[Black "Lindahl, Emil"]
[Result "1/2-1/2"]
[WhiteElo "2186"]
[BlackElo "2229"]
[PlyCount "138"]
1. c4 Nf6 2. Nf3 e6 3. g3 b6 4. Bg2 Bb7 5. O-O c5 6. Nc3 Be7 7. d4 cxd4 8. Qxd4
d6 9. Rd1 a6 10. b3 Nbd7 11. Bb2 O-O 12. Ng5 Bxg2 13. Kxg2 Qc7 14. Kg1 Rfd8 15.
Rd2 Rac8 16. Rad1 Ne8 17. Qf4 Ndf6 18. h4 Rd7 19. Rd3 Rcd8 20. Nge4 Qc6 21. Qf3
Nxe4 22. Nxe4 Qb7 23. a4 b5 24. cxb5 axb5 25. Nc3 Qxf3 26. Rxf3 b4 27. Nb5 Rc8
28. Rfd3 Rc6 29. e4 Nc7 30. Bd4 f6 31. Be3 Kf7 32. Na7 Rc2 33. Nc8 Rc6 34. Bf4
e5 35. Be3 Ne6 36. Nb6 Rb7 37. Nd5 Nc7 38. Kf1 Ke6 39. Bd2 Na6 40. Be3 Bd8 41.
Ke2 Bc7 42. Kd2 Bb8 43. f3 Ba7 44. Bxa7 Rxa7 45. Re3 Ra8 46. Rc1 Rac8 47. Rxc6
Rxc6 48. g4 Rc8 49. Re1 g6 50. g5 f5 51. Rb1 Rc6 52. Rb2 Rc8 53. Rc2 Nc5 54.
Ke3 Rf8 55. Rc4 fxe4 56. fxe4 Nxb3 57. Rxb4 Nc5 58. a5 Rf1 59. Nf6 h6 60. Rb6
hxg5 61. hxg5 Ra1 62. Rc6 Rxa5 63. Rc7 Ra3+ 64. Kf2 Nd3+ 65. Kf1 Nf4 66. Nh7 d5
67. Rc6+ Kd7 68. exd5 Nxd5 69. Rxg6 Nf4 1/2-1/2

[Event "Superettan(Orgryte-Rockaden,Umea)"]
[Site "?"]
[Date "2016.03.19"]
[Round "8"]
[White "Malmstig, Erik"]
[Black "Kumar, Rahul"]
[Result "1/2-1/2"]
[WhiteElo "2278"]
[BlackElo "2176"]
[PlyCount "87"]
1. Nf3 d6 2. g3 g6 3. Bg2 Bg7 4. O-O Bd7 5. d4 Qc8 6. Re1 Nf6 7. e4 Nc6 8. e5
dxe5 9. d5 Nb4 10. Nxe5 Bf5 11. Na3 O-O 12. c3 Na6 13. b4 Nb8 14. Bg5 Nbd7 15.
Nec4 Nb6 16. Rxe7 Re8 17. d6 Rxe7 18. dxe7 Ne8 19. Nxb6 axb6 20. Nb5 h6 21. Be3
Bg4 22. Bxb7 Bxd1 23. Bxc8 Ba4 24. Bb7 Rb8 25. Bc6 Nd6 26. Nd4 Bxd4 27. Bxa4
Bxe3 28. fxe3 b5 29. Bb3 Re8 30. a4 bxa4 31. Rxa4 Rxe7 32. Ra7 Nb5 33. Ra8+ Kg7
34. c4 Rxe3 35. Ba4 Nd6 36. c5 Nf5 37. b5 Rc3 38. b6 cxb6 39. cxb6 Rc1+ 40. Kf2
Rb1 41. Rb8 Rb2+ 42. Kg1 Rb1+ 43. Kg2 Rb2+ 44. Kg1 1/2-1/2

[Event "Superettan(Schack 08-Malmo)"]
[Site "?"]
[Date "2016.03.19"]
[Round "8"]
[White "Gajic, Mladen"]
[Black "Schutz, Ingemar"]
[Result "1-0"]
[WhiteElo "2251"]
[BlackElo "2213"]
[PlyCount "125"]
[EventDate "2016.??.??"]
1. e4 c5 2. c3 Nf6 3. e5 Nd5 4. Nf3 Nc6 5. Bc4 Nb6 6. Bb3 d5 7. exd6 Qxd6 8.
Na3 a6 9. O-O e6 10. Qe2 Be7 11. Rd1 O-O 12. d4 cxd4 13. Nxd4 Qe5 14. Nc4 Qxe2
15. Nxe2 Nxc4 16. Bxc4 Rd8 17. Be3 Rxd1+ 18. Rxd1 Kf8 19. Bb6 Ke8 20. f4 Bd7
21. Kf2 Bd8 22. Bxd8 Rxd8 23. Bd3 Bc8 24. Ke3 Ke7 25. Rf1 h6 26. b4 g5 27. g3
gxf4+ 28. gxf4 e5 29. f5 Rg8 30. Ng3 f6 31. Be4 Bd7 32. Rf3 Nd8 33. Ne2 Bc6 34.
Bxc6 bxc6 35. Rg3 Rg5 36. Rxg5 hxg5 37. Ng3 Nb7 38. Kd3 Nd6 39. c4 Nf7 40. c5
Nh6 41. h3 Nf7 42. Kc4 Nh6 43. a4 Kd7 44. Kc3 Ke7 45. Kd3 Kf7 46. Kc4 Ke7 47.
b5 axb5+ 48. axb5 cxb5+ 49. Kxb5 Kd7 50. Kb6 Kc8 51. Kc6 g4 52. h4 Nf7 53. h5
Kd8 54. Kb7 Ke7 55. c6 Kf8 56. Ne4 Nd8+ 57. Kb6 Nxc6 58. Kxc6 Kg7 59. Kd5 Kh6
60. Ke6 Kxh5 61. Kxf6 g3 62. Nxg3+ Kg4 63. Kxe5 1-0

[Event "Superettan(Solna-Vaxjo)"]
[Site "?"]
[Date "2016.03.19"]
[Round "8"]
[White "Lekander, Rolf"]
[Black "Lindborg, Petter"]
[Result "0-1"]
[WhiteElo "2224"]
[BlackElo "2210"]
[PlyCount "184"]
1. d4 e6 2. Nf3 f5 3. g3 Nf6 4. Bg2 d5 5. O-O Bd6 6. c4 c6 7. b3 Qe7 8. Bb2 b6
9. Nbd2 Bb7 10. e3 O-O 11. Qe2 a5 12. Rfc1 Na6 13. Ne5 Rfc8 14. f4 c5 15. Bf3
Ne4 16. Bg2 Nb4 17. a3 Nc6 18. Nxc6 Bxc6 19. Nxe4 dxe4 20. a4 Rd8 21. Rd1 Ra7
22. Qc2 Be8 23. Bf1 Bh5 24. Be2 Bxe2 25. Qxe2 Rad7 26. d5 Bc7 27. dxe6 Rd3 28.
Rxd3 exd3 29. Qf3 Qxe6 30. Rd1 Rd7 31. Kf2 Bd8 32. Be5 Bf6 33. Bxf6 Qxf6 34.
Kg1 h6 35. g4 fxg4 36. Qe4 Qd6 37. Kf2 Rd8 38. Qf5 Kh8 39. Rd2 Qf6 40. Qxf6
gxf6 41. e4 h5 42. Kg3 Kg7 43. h3 gxh3 44. Kxh3 Rd4 45. Kg3 Rxe4 46. Rxd3 Rd4
47. Rf3 Kg6 48. Kh4 Kf5 49. Kxh5 Rxf4 50. Rd3 Rd4 51. Rf3+ Rf4 52. Rd3 Rf2 53.
Rd5+ Ke6 54. Kg4 Rf1 55. Kg3 f5 56. Kg2 Rb1 57. Rd3 Ke5 58. Kf3 Rf1+ 59. Ke2
Rf4 60. Rd5+ Ke6 61. Rd8 Rd4 62. Rb8 Rd6 63. Ke3 Ke5 64. Re8+ Re6 65. Rd8 Rh6
66. Re8+ Kf6 67. Rf8+ Ke6 68. Rc8 Rh3+ 69. Kf4 Rxb3 70. Rc6+ Kd7 71. Rh6 Rb4
72. Kxf5 Rxc4 73. Rxb6 Rxa4 74. Ke5 Kc7 75. Ra6 Kb7 76. Rd6 Rc4 77. Rh6 Rd4 78.
Rh1 Kc6 79. Rb1 Rb4 80. Ra1 a4 81. Ra2 Kb5 82. Ra1 Rb3 83. Kd5 a3 84. Rc1 Rd3+
85. Ke4 c4 86. Rb1+ Rb3 87. Ra1 Kb4 88. Kd4 Rd3+ 89. Ke4 Rd2 90. Ke3 c3 91.
Rb1+ Rb2 92. Ra1 Kb3 0-1

[Event "Superettan(Orgryte-Rockaden,Umea)"]
[Site "?"]
[Date "2016.03.19"]
[Round "8"]
[White "Lauritzson, Peter"]
[Black "Eriksson, Jorgen"]
[Result "1-0"]
[WhiteElo "2098"]
[BlackElo "2206"]
[PlyCount "89"]
1. Nf3 d5 2. c4 e6 3. g3 Nf6 4. Bg2 Be7 5. O-O O-O 6. b3 b6 7. Bb2 Bb7 8. cxd5
Nxd5 9. d4 Nf6 10. Nc3 Nbd7 11. Qc2 c5 12. Rad1 Qc8 13. Qb1 Rd8 14. e4 cxd4 15.
Nxd4 Ne5 16. h3 Nc6 17. Nce2 Nxd4 18. Nxd4 Rd7 19. Rc1 Qf8 20. Nc6 Ba3 21. b4
Bxb2 22. Qxb2 Bxc6 23. Rxc6 Rad8 24. e5 Nd5 25. a3 Ne7 26. Rc2 Nf5 27. Kh2 g6
28. Rfc1 Qe7 29. a4 h5 30. a5 Nd4 31. Rc4 bxa5 32. bxa5 h4 33. Rc8 Kg7 34. Qb8
hxg3+ 35. fxg3 Qg5 36. Rf1 Rxc8 37. Qxc8 Qd8 38. Qxd8 Rxd8 39. Rb1 Rd7 40. a6
Kf8 41. h4 Ke7 42. g4 f6 43. Rb7 f5 44. h5 gxh5 45. gxh5 1-0

[Event "Superettan(Schack 08-Malmo)"]
[Site "?"]
[Date "2016.03.19"]
[Round "8"]
[White "Drugge, Patrick"]
[Black "Nizov, Anton"]
[Result "0-1"]
[WhiteElo "2188"]
[BlackElo "2121"]
[PlyCount "112"]
1. e4 c6 2. d4 d5 3. exd5 cxd5 4. c4 Nf6 5. Nc3 Nc6 6. Nf3 Bg4 7. cxd5 Nxd5 8.
Be2 e6 9. O-O Be7 10. Be3 O-O 11. Qd2 Rc8 12. Rac1 Qd6 13. h3 Bh5 14. Nxd5 Qxd5
15. Bc4 Qa5 16. g4 Bg6 17. Qxa5 Nxa5 18. Be2 Be4 19. Ne5 Rfd8 20. Rxc8 Rxc8 21.
Rc1 Rd8 22. Bf3 Bxf3 23. Nxf3 Bd6 24. Ne5 Kf8 25. Nc4 Nxc4 26. Rxc4 Ke7 27. Kf1
h5 28. Ke2 a6 29. a4 Rh8 30. Rc1 Bb8 31. Kf3 hxg4+ 32. hxg4 f6 33. Bd2 Rh3+ 34.
Ke2 g5 35. Rc4 Kd7 36. Rb4 Kc6 37. Be3 b5 38. axb5+ axb5 39. Rb3 Bd6 40. Rc3+
Kd5 41. Rc1 Be7 42. Rc7 Bd6 43. Rc1 b4 44. b3 f5 45. gxf5 exf5 46. f3 Rh2+ 47.
Kd3 f4 48. Bg1 Rb2 49. Ra1 Rxb3+ 50. Ke2 Ra3 51. Rb1 Ra2+ 52. Kd3 Ra3+ 53. Ke2
Kc4 54. Bf2 Ra2+ 55. Kf1 b3 56. Rc1+ Rc2 0-1

[Event "Superettan(Solna-Vaxjo)"]
[Site "?"]
[Date "2016.03.19"]
[Round "8"]
[White "Steneskog, Per"]
[Black "Gutzmann, Tobias"]
[Result "1/2-1/2"]
[WhiteElo "2176"]
[BlackElo "2155"]
[PlyCount "42"]
1. d4 d5 2. Nf3 e6 3. c4 c5 4. cxd5 exd5 5. Nc3 Nc6 6. g3 Nf6 7. Bg2 Be7 8. O-O
O-O 9. dxc5 Bxc5 10. Bg5 Be6 11. Bxf6 Qxf6 12. Nxd5 Qxb2 13. Nc7 Rad8 14. Qc1
Qxc1 15. Raxc1 Bb6 16. Nxe6 fxe6 17. Rfd1 Rxd1+ 18. Rxd1 Rd8 19. Rxd8+ Bxd8 20.
e3 b5 21. Ng5 Bxg5 1/2-1/2